| 000 | 00692cab a22001935a 4500 | ||
|---|---|---|---|
| 001 | L152029 | ||
| 008 | 110126e20110121xxkd f s 000 0 eng d | ||
| 035 | _a(Sirsi) u152029 | ||
| 041 | 0 | _aeng | |
| 110 | 2 |
_aExperian Business Strategies _94789 |
|
| 245 | 0 | 0 | _aBuilding intelligence |
| 260 | _c2011 | ||
| 490 | 0 |
_aBuilding _v276 (8662) 21 January 2011, 56-57(2) |
|
| 520 | _aOverview, new work output, R&M output, new work orders, 2010-2012 forecast, regional new work output, regional R&M output, regional new work orders from Experian Marketing Information Services. | ||
| 590 | _aKA | ||
| 651 | 4 |
_aGreat Britain _y1707- |
|
| 690 | _aBUILT ENVIRONMENT-CONSTRUCTION MARKET | ||
| 942 | _n0 | ||
| 999 |
_c82884 _d82884 |
||